000 00444nam a2200181Ia 4500
001 3127
005 20260306144858.0
008 260306t2008||||xx |||||||||||||| ||spa||
041 _aESP
082 _a260
_bR68
100 _aRivas Rebaque, Fernando
_eAUT
245 0 _aTerapia de las enfermedades espirituales en los Padres de la Iglesia
260 _c2008
300 _a
_c
650 _aGEN
654 _aCHU
942 _cLIB
_dJUS
_fJUS
_2ddc
_n
999 _c3127
_d3127